000
00341nam a2200133Ia 4500
008
230411s9999 xx 000 0 und d
041
_a
eng
082
_a
OG/618.2/DAW/B02500
100
_a
Dawn C
245
_a
Textbook Of Obstetrics And Neonatology
260
_b
Dawn Books
_a
Calcutta
_c
2000
300
_a
432p
999
_c
153684
_d
153684